Advances in fluvial dynamics and stratigraphy (Record no. 2442)

000 -LEADER
fixed length control field 00793nam a2200241 a 4500
001 - CONTROL NUMBER
control field 2442
003 - CONTROL NUMBER IDENTIFIER
control field BD-DhUET
008 - FIXED-LENGTH DATA ELEMENTS--GENERAL INFORMATION
fixed length control field 951107s1996 enka b 001 0 eng
020 ## - INTERNATIONAL STANDARD BOOK NUMBER
International Standard Book Number 047195330X
040 ## - CATALOGING SOURCE
Original cataloging agency DLC
Transcribing agency DLC
Modifying agency BD-DhUET
082 00 - DEWEY DECIMAL CLASSIFICATION NUMBER
Classification number 627.122
Item number CAR/1996
245 00 - TITLE STATEMENT
Title Advances in fluvial dynamics and stratigraphy
Statement of responsibility, etc. edited by Paul A. Carling and Martin R. Dawson.
250 ## - EDITION STATEMENT
Edition statement 1st ed.
260 ## - PUBLICATION, DISTRIBUTION, ETC. (IMPRINT)
Place of publication, distribution, etc. Chichester ;
-- New York :
Name of publisher, distributor, etc. John Wiley & Sons,
Date of publication, distribution, etc. 1996.
300 ## - PHYSICAL DESCRIPTION
Extent x, 530p. :
Other physical details ill. ;
Dimensions 25 cm.
504 ## - BIBLIOGRAPHY, ETC. NOTE
Bibliography, etc Includes bibliographies.
650 #0 - SUBJECT ADDED ENTRY--TOPICAL TERM
Topical term or geographic name as entry element Sediment transport.
700 1# - ADDED ENTRY--PERSONAL NAME
Personal name Carling, Paul.
700 1# - ADDED ENTRY--PERSONAL NAME
Personal name Dawson, Martin R.
942 ## - ADDED ENTRY ELEMENTS (KOHA)
Koha item type Edited Book
856 42 - ELECTRONIC LOCATION AND ACCESS
Uniform Resource Identifier http://www.loc.gov/catdir/description/wiley034/95049524.html
856 4# - ELECTRONIC LOCATION AND ACCESS
Uniform Resource Identifier http://www.loc.gov/catdir/toc/onix05/95049524.html
Holdings
Koha full call number Withdrawn status Koha issues (times borrowed) Koha item type Koha out on loan Copy number Sublocation or collection (holding branch) Lost status Price effective from Koha normalized classification for sorting Koha date last seen Source of classification or shelving scheme Piece designation (barcode) Koha date last borrowed Not for loan Date acquired Shelving location Damaged status Location (home branch)
627.122/CAR/1996 1Edited Book2015-10-191Central Library, BUET 2014-09-23627_000000000000000_122CAR19962014-10-19 1128492014-10-19 2014-09-23Circulation section Central Library, BUET